LEADER 01167nam0 22002771i 450 001 UON00224566 005 20231205103430.719 010 $a88-19-01726-1 100 $a20030730d2000 |0itac50 ba 101 $aita 102 $aIT 105 $a|||| ||||| 200 1 $aInternet per le pubbliche amministrazioni$eCome utilizzare al meglio le opportunitÓ della rete per avvicinare le istituzioni ai cittadini$fGiancarlo Fornari$gMichele Diodati 210 $aMilano$cBuffetti$d2000. XXX$d335 p. ; 25 cm. 606 $aInformatica$xDiritto$xRapporti$3UONC036972$2FI 606 $aInternet$3UONC045331$2FI 620 $aIT$dMilano$3UONL000005 700 1$aFORNARI$bGiancarlo$3UONV136256$0120447 701 1$aDIODATI$bMichele$3UONV136257$0476274 712 $aBuffetti Editore$3UONV266685$4650 801 $aIT$bSOL$c20250919$gRICA 899 $aSIBA - SISTEMA BIBLIOTECARIO DI ATENEO$2UONSI 912 $aUON00224566 950 $aSIBA - SISTEMA BIBLIOTECARIO DI ATENEO$dSI PUB H 0505 $eSI SC 35962 5 0505 996 $aInternet per le pubbliche amministrazioni$91269737 997 $aUNIOR LEADER 01669nam0 22003493i 450 001 NAP0652381 005 20251003044257.0 100 $a20140929d2003 ||||0itac50 ba 101 | $aita 102 $ait 181 1$6z01$ai $bxxxe 182 1$6z01$an 183 1$6z01$anc$2RDAcarrier 200 1 $aPrimo rapporto sul turismo in Campania 2003$ele statistiche, i prodotti, le azioni$f[Pierluigi Bianconcini ... [et al.]; curatore del rapporto Roberto Formato 210 $aSalerno$cMenabò$d2003 215 $a423 p.$d2003 300 $aIn testa al front. : Regione Campania 606 $aTurismo$xCampania$2FIR$3SBLC017608$9I 676 $a338.47914572$9BENI E SERVIZI. Turismo. Campania$v23 700 1$aBianconcini$b, Pierluigi$3NAPV210494$4072$01424965 702 1$aFormato$b, Roberto$3NAPV100623$4340 712 01$aCampania$b : Assessorato al turismo$3SBLV251018$4475 791 02$aRegione Campania$b : Assessorato al turismo$3SBLV251019$zCampania : Assessorato al turismo 801 3$aIT$bIT-000000$c20140929 850 $aIT-BN0095 $aIT-NA0457 901 $bNAP BI$cSALA 5 $nLibri da 4151 in poi 901 $bNAP 01$cPOZZO LIB.$nVi sono collocati fondi di economia, periodici di ingegneria e scienze, periodici di economia e statistica e altri fondi comprendenti documenti di economia pervenuti in dono. 912 $aNAP0652381 950 0$aBiblioteca Centralizzata di Ateneo$b1 v.$c1 v.$d 01POZZO LIB.F. CORTI 446$e 01 0000125225E VMA 1 v.$fB $h20230911$i20230918 977 $a 01$a BI 996 $aPrimo rapporto sul turismo in Campania 2003$93554667 997 $aUNISANNIO